00636 2200193 4500001002100000005001500021035002000036245014600056100002000202250002000222300004300242856002200285700002700307260004700334082000800381084001400389020002200403650001700425INLIS00000000114848020260602092621 a0010-06260000131 aDI MANA ADA KEMAJUAN DI SANA ADA JALAN :bDari Kampung Bersahaya ke Pusat Peradaban Dunia /cPenulis; Ahmad M. Sewang, Editor; Mukhlis Latief0 aAhmad M. Sewang aCetakan Pertama axx + 349 halaman ;c14 x 21 cmeKertas aPerpustakaan Umum0 aEditor; Mukhlis Latief aMakassar :bSyahadah Creative Media,c2017 a920 a920 AHM d a978-602-61957-1-5 4aAutobiografi